| 000 | 00654nam a22002177a 4500 | ||
|---|---|---|---|
| 999 |
_c4011 _d4011 |
||
| 003 | AR-CdUCM | ||
| 008 | 190307b ||||| |||| 00| 0 spa d | ||
| 040 |
_aMUNICIPALIDAD PROVINCIAL DEL CUSCO _cBIBLIOTECA MUNICIPAL DEL CUSCO |
||
| 082 |
_a869.56 / _bB67 |
||
| 100 |
_aBocángel Benavente, César A. _912803 |
||
| 245 | _aTutallamanta / | ||
| 260 |
_aCusco : _bImprenta Gótica ; _c1989. |
||
| 300 |
_a28 páginas ; _c19cm |
||
| 505 | _aContenido: Poesía | ||
| 650 |
_aPoesía cusqueña _92323 |
||
| 650 |
_aLiteratura cusqueña _910596 |
||
| 650 |
_aAutores cusqueños _95505 |
||
| 710 |
_aEMUFEC _912804 |
||
| 942 |
_2ddc _cLIBROS |
||
| 945 | _anom | ||